000 00267nam a2200121Ia 4500
008 230303s9999 xx 000 0 und d
041 _aeng
082 _a050 SAC
100 _aSACHDEVA (S.K)
245 _aYear Book 2014
260 _aND
_b: A PRESS A
365 _cRS
999 _c184272
_d184272